000 00763nam a2200205 a 4500
003 0
005 20250411100311.0
008 970101s19uu xx 00 eng d
050 _aPGS LB 1049.5
_b.P235 2004
100 _aPark, Ji Hong.
245 _aThe impact of self-study period on the academic performance of grade 6 students of Southville International School and Colleges /
_cJi Hong Park.
260 _aLas PiƱas City, Philippines :
_bSouthville International School and Colleges,
_c2004.
300 _a22 pages :
_billustrations ;
_c28 cm.
504 _aIncludes bibliographical references.
650 _aSelf-instruction.
650 _aStudy skills.
650 _aAcademic achievement.
650 _aGrade 6 (Education).
942 _2lcc
_cPASS
999 _c97040
_d97040